| 000 | 01199nam a22003015a 4500 | ||
|---|---|---|---|
| 001 | 16068520 | ||
| 005 | 20100126064529.0 | ||
| 008 | 100125s2010 mau |r 001 0 eng | ||
| 010 | _a 2010921374 | ||
| 020 | _a9780538747127 | ||
| 020 | _a0538747129 | ||
| 040 |
_aDLC _cDLC |
||
| 082 |
_222 _a006.78 _bBIS |
||
| 100 | 1 |
_aBishop, Sherry. _912461 |
|
| 245 | 1 | 0 |
_aAdobe Dreamweaver CS4 Illustrated / _cSherry Bishop |
| 260 |
_aBoston, Ma : _bCourse Technology Cengage Learning, 2010 _c2010. |
||
| 263 | _a1008 | ||
| 300 |
_a286 p.: _bCol. ill.; _c28 cm. |
||
| 490 | _aIllustrated Series | ||
| 500 | _aIncludes index | ||
| 650 |
_912459 _aDreamweaver (Computer file) |
||
| 650 |
_911302 _aWeb sites _xDesign. |
||
| 650 |
_912460 _aWeb sites _x Authoring programs. |
||
| 942 |
_2ddc _cNB |
||
| 999 |
_c13629 _d13629 |
||